Statistics for 全球百强金融中心中国城市 Chinese cities among world's top 100 financial centers

Click here to take the quiz!

General Stats

  • This quiz has been taken 108 times
  • The average score is 12 of 14

Answer Stats

排名城市% Correct
7上海
100%
13北京
100%
4香港
99%
12深圳
99%
29广州
98%
76杭州
89%
44成都
88%
65南京
88%
69天津
86%
100武汉
81%
32青岛
72%
67台北
70%
64大连
58%
94西安
46%

Score Distribution

Percentile by Number Answered

Percent of People with Each Score

Your Score History

You have not taken this quiz